000 00963nam a2200289 i 4500
001 133514
003 ES-MaACL
005 20250905133306.0
007 t|
008 070817s1973 sp |||| | spa d
080 _a329(73)
080 _a323.1(73)
080 _a908(=1.73=414)
100 0 _aWolfe, Tom,
_d1931-
_9117247
245 1 3 _aLa izquierda exquisita
_b; & Mau-mauando al parachoques /
_cTom Wolfe ; [traducción, J.M. Álvarez y Ángela Pérez].
246 1 0 _aMau-mauando al parachoques
260 _aBarcelona :
_bAnagrama,
_c[1973]
300 _a139 p. ;
_c20 cm.
490 1 _aSerie informal ;
_v15
650 1 4 _aRelaciones étnicas-
_zEstados Unidos.
_9149455
650 0 4 _aAfronorteamericanos-
_xSituación social.
_99665
700 1 _aÁlvarez Flórez, José Manuel.
_920809
700 1 _aPérez Gómez, Ángela
_990555
830 0 _aSerie informal ;
_v15
_9182390
852 _aES-MaACL
_jC-55508
999 _c133514
_d133514